Los fundamentos de la planificación del desarrollo en América Latina y el Caribe (Registro nro. 1581)

Detalles MARC
000 -LEADER
fixed length control field 01473 a2200229 4500
001 - CONTROL NUMBER
control field 27330
005 - DATE AND TIME OF LATEST TRANSACTION
control field 20260407155549.0
008 - FIXED-LENGTH DATA ELEMENTS--GENERAL INFORMATION
fixed length control field 260407a2012 arg spa d
003 - CONTROL NUMBER IDENTIFIER
control field AR-UNSa-BCEJYS
040 ## - CATALOGING SOURCE
Original cataloging agency AR-UNSa-BCEJYS
Language of cataloging spa
Transcribing agency AR-UNSa-BCEJYS
080 ## - UNIVERSAL DECIMAL CLASSIFICATION NUMBER
Universal Decimal Classification number 338.2(8)
Common auxiliary subdivision Política económica. Control de la economía. gestión de la economía. planificación económica en América Latina
020 ## - INTERNATIONAL STANDARD BOOK NUMBER
International Standard Book Number 978-92-1-221103-9
100 1# - MAIN ENTRY--PERSONAL NAME
Personal name Martner, Ricardo
245 10 - TITLE STATEMENT
Title Los fundamentos de la planificación del desarrollo en América Latina y el Caribe
Name of part/section of a work textos seleccionados del ILPES (1962-1972)
264 #1 - PRODUCTION, PUBLICATION, DISTRIBUTION, MANUFACTURE, AND COPYRIGHT NOTICE
Place of production, publication, distribution, manufacture Santiago de Chile :
Name of producer, publisher, distributor, manufacturer CEPAL (Comisión Económica para América Latina y el Caribe)
Date of production, publication, distribution, manufacture, or copyright notice 2012
300 ## - PHYSICAL DESCRIPTION
Extent 190 p.
Dimensions 22 cm.
505 ## - FORMATTED CONTENTS NOTE
Formatted contents note 1. Progresos en materia de planificación en América Latina - 2. Evolución y orientaciones del Instituto Latinoamericano de Planifiación Económica y Social - 3. Discusiones sobre planificación - 4. Reflexiones en torno a los problemas actuales de la planificación en América Latina - 5. Las reformas presupuestarias para la planificación en América Latina - 6. Evolución y perspectivas de los procesos de planificación en América Latina
590 ## - LOCAL NOTE (RLIN)
Local note niveau_biblio:m niveau_hierar:0
700 1# - ADDED ENTRY--PERSONAL NAME
Personal name Máttar, Jorge
856 41 - ELECTRONIC LOCATION AND ACCESS
Uniform Resource Identifier <a href="https://biblioeco.unsa.edu.ar/pmb/images/libros/Los fundamentos de la planificaci?n del desarrollo en Am?rica Latina y el Caribe-l119726.jpg">https://biblioeco.unsa.edu.ar/pmb/images/libros/Los fundamentos de la planificaci?n del desarrollo en Am?rica Latina y el Caribe-l119726.jpg</a>
Link text Imagen de portada
Electronic format type image/jpeg
942 ## - ADDED ENTRY ELEMENTS (KOHA)
Koha item type
Existencias
Withdrawn status Lost status Damaged status Not for loan Home library Current library Shelving location Date acquired Total checkouts Full call number Barcode Date last seen Price effective from Koha item type
        Biblioteca Prof. Eusebio Cleto del Rey Biblioteca Prof. Eusebio Cleto del Rey   07/04/2026   338.2(8) M375 L119726 07/04/2026 07/04/2026 Libro